General Knowlage 2 - Statistics

General Stats
  • This quiz has been taken 50 times
  • The average score is 6 of 15
Answer Stats
Hint Answer % Correct
Apple, Orange, Blueberry, Cranberry, Cherry, Banana Fruit
84%
Jumpy pouched animal Kangaroo
84%
Extra virgin, Olive, Canola Oil
84%
Tuna, Mahi Mahi, Trout, Shark, Haddock, Cod Fish
77%
Peter Parker Spider-Man
77%
Jamocha, Hershey's, M&M, Belgian Chocolate
64%
Pearson, Marco Polo, Leonardo de Vinci, Dulles, LAX , JFK Airports
48%
Roma, Venezia, Napoli, Firenze Italian cities
34%
Vivaldi is known for what The four season
27%
Crême Brulée in english Burnt cream
16%
Air Canada, British Airways, Delta, Avianca, EasyJet Airline Company
5%
Contigo is what Water bottle
5%
Rich people come around here with there yatch Capri
2%
Pink, Red, Orange, Yellow, Salmon, Mango, Tangarine Hot colors
2%
Gucci, Michael Kors, Louis Vuitton Chanel Ready-to-wear buisnesses
0%
No matching quizzes found
Score Distribution
Percent of People with Each Score
Percentile by Number Answered
Your Score History
You have not taken this quiz